| 000 | 00766nam a2200205 a 4500 | ||
|---|---|---|---|
| 003 | 0 | ||
| 005 | 20250313112940.0 | ||
| 008 | 090728s19uu xx 00 eng d | ||
| 050 |
_aPHS BF 637.S4 _b.B886 2009 |
||
| 100 | _aBrucal, Dominique. | ||
| 245 |
_aEffect of age on self-fulfillment of adults residing in better living subdivision / _cDominique Brucal. |
||
| 260 |
_aLas PiƱas City, Philippines : _bSouthville International School and Colleges, _c2009. |
||
| 300 |
_a24 pages : _billustrations ; _c28 cm. |
||
| 504 | _aIncludes bibliographical references. | ||
| 650 | _aSelf-actualization (Psychology). | ||
| 650 |
_aAging _xPsychological aspects. |
||
| 650 |
_aAdults _xPsychology. |
||
| 650 |
_aQuality of life _xPsychological aspects. |
||
| 942 |
_2lcc _cPASS |
||
| 999 |
_c98300 _d98300 |
||